| 000 | 01507cab a2200181 4500 | ||
|---|---|---|---|
| 001 | L129998 | ||
| 008 | 050613n2005 000 0 eng u | ||
| 035 | _a(Sirsi) u129998 | ||
| 041 | _aeng | ||
| 100 | _aBurke, Catherine | ||
| 245 | _aCross-border investment upswing | ||
| 260 | _c2005 | ||
| 490 |
_aProperty Forecast _v8(5) May 2005, 2-4(3) |
||
| 520 | _aExamines why cross-border European property investment, hampered historically by structural differences between national markets, is now attracting increasing interest. Describes the steep rise in European all-property investment volumes, the strong appetite for indirect investment through pan-European funds and fund activity over the last six months in the Central Eastern Europe sector. Focuses on the European residential property sector as an alternative to the highly competitive European commercial property sector and looks at fund development. Reports that London and Paris remain investor favourites despite escalating capital flows towards Central and Eastern Europe and predicts that further residential investment in London will be led by Chinese and Indian investors. Concludes that a balancing act of east v west investment is on the menu. Tables cover new and closed pan-European funds. Figures detail a basic European fund structure for the UK and total European office investment transaction volumes. | ||
| 590 | _aIKA210605 | ||
| 690 | _aPROPERTY-COMMERCIAL PROPERTY-COMMERCIAL PROPERTY FINANCE AND INVESTMENT | ||
| 942 | _n0 | ||
| 999 |
_c75384 _d75384 |
||